000 00881nmm a2200265 a 4500
001 ocm000645347
003 TR-IsHL
005 20201028142548.0
008 140104s2001 tu tur
007 cr cn
020 _a9789756774700
035 _a645347
_b(N$T)
050 0 4 _aPL232
_b.Y85 2001
090 0 4 _aPL232
_b.Y85 2001
100 1 _aYüksel, Okan
245 1 0 _aCumhuriyet Dönemi gazeteci şairler antolojisi
_h[electronic resource] /
_cOkan Yüksel
260 _aİstanbul :
_bToplumsal Dönüşüm Yayınları,
_c2001
300 _a704 p.
650 4 _aDil ve Edebiyat
650 4 _aLanguage and Literature
650 0 _aTürk şiiri
_x Antoloji
650 0 _aTurkish poetry
_x Anthology
650 7 _aLITERARY COLLECTIONS / Middle Eastern
_2bisacsh
856 4 0 _uhttp://search.ebscohost.com/login.aspx?direct=true&scope=site&db=e011xww&AN=645347
999 _c8422
_d8422